| Поле | Название | Значение |
| |
Тип записи |
k |
| |
Библиографический уровень |
m |
| 001 |
Контрольный номер |
RU/SLIB/B/208726927 |
| 005 |
Дата корректировки |
20230711123504.6 |
| 010 |
Индекс ISBN |
__ |
| d |
Цена |
0-00 |
| 101 |
Язык документа |
__ |
| a |
Язык текста |
rus |
| c |
Язык оригинала |
rus |
| 200 |
Заглавие и сведения об ответственности |
0_ |
| a |
Заглавие |
[Пушкин и его семья] |
| b |
Общее обозначение материала |
Изоматериал |
| 210 |
Выходные данные |
__ |
| a |
Место издания |
[Б. м.] |
| c |
Издательство |
[б. и.] |
| d |
Дата издания |
[19--] |
| 215 |
Физическое описание |
__ |
| a |
Объем |
1 ндп (7 дп) |
| c |
Иллюстрации/тип воспроизводства |
черно-белый |
| 327 |
Примечание о содержании |
__ |
| a |
Примечание о содержании |
А. С. Пушкин |
| 600 |
Персоналии |
__ |
| a |
Персоналии (Фамилия) |
Пушкин, А. С. |
| c |
Дополнение к имени |
русский писатель |
| f |
Даты |
1799-1837 |
| g |
Полное имя |
Александр Сергеевич |
| 606 |
Тематические рубрики |
__ |
| a |
Основная рубрика |
Литературоведение |
| z |
Хронологическая подрубрика |
19 в. |
| y |
Географическая подрубрика |
Россия |
| 606 |
Тематические рубрики |
__ |
| a |
Основная рубрика |
Русская литература XIX в. |
| 610 |
Ключевые слова |
__ |
| a |
Ключевые слова |
семьи; персоналии; поэты; портреты |
| 686 |
Индексы других классификаций |
__ |
| a |
Классификационный индекс |
83.3(2Рос=Рус)1-8я04; ст83.3(2Рос=Рус)1г.я0 |
| 801 |
Источник записи |
_0 |
| a |
Страна |
RU |
| b |
Организация |
Муниципальное бюджетное учреждение культуры "Централизованная библиотечная система" г. Сургут (Центральная городская библиотека им. А. С. Пушкина) |
| g |
Правила каталогизации |
ММ/Пронина |
| 801 |
Источник записи |
_1 |
| a |
Страна |
RU |
| b |
Организация |
Муниципальное бюджетное учреждение культуры "Централизованная библиотечная система" г. Сургут (Центральная городская библиотека им. А. С. Пушкина) |
| g |
Правила каталогизации |
ММ/Пронина |
| 852 |
Данные о местонахождении |
__ |
| j |
Шифр хранения |
83.3(2Рос=Рус)1-8я04 |
| c |
Каталожный индекс |
83.3(2Рос=Рус)1-8я04 |
| i |
Авторский знак |
П 91 |
| p |
Инвентарный номер |
Б/Н |
| 901 |
Тип документа |
__ |
| t |
Тип документа |
m |
| 903 |
Характеристики (МАРС) |
__ |
| a |
Дата передачи |
20020527 |
| 969 |
Тип издания |
__ |
| a |
Тип издания |
диафильм |
| 990 |
Данные о заказе (DOS) |
__ |
| h |
N записи в КСУ для Б/У (DOS) |
200207 |
| j |
Количество экземпляров (DOS) |
1 |